| 000 | 00387nam a22001457a 4500 | ||
|---|---|---|---|
| 020 | _a9780132847377 | ||
| 040 | _cNUST | ||
| 082 |
_a005.73 _bWEI |
||
| 100 |
_aWeiss, Mark Allen _958696 |
||
| 245 | _aData Structures and Algorithm Analysis in C++ | ||
| 250 | _a4th Edition | ||
| 260 |
_aBoston: _bPearson, _c2014. |
||
| 650 |
_aData Structures and Algorithm _9125499 |
||
| 942 |
_2ddc _cBK |
||
| 999 |
_c611202 _d611202 |
||